| 000 | 00708nam a2200217Ia 4500 | ||
|---|---|---|---|
| 003 | OSt | ||
| 005 | 20240513103551.0 | ||
| 008 | 210210b1995 xxu||||| |||| 00| 0 eng d | ||
| 040 | _cAL | ||
| 041 | _aKannada | ||
| 082 | _aK894.9 NAGA | ||
| 100 |
_aNAGARAJ (D R), Ed. _dನಾಗರಾಜ (ಡಿ ಆರ್) _9164169 |
||
| 245 |
_aAnanda kumarasvami. _bಆನಂದಕುಮಾರಸ್ವಾಮಿ |
||
| 260 |
_aSagara _bAkshara Prakashana _c1995 |
||
| 300 | _a126 | ||
| 650 |
_aKe Es Shrinivasamurti _9164170 |
||
| 690 |
_aKannada Criticism _9164171 |
||
| 700 |
_aShrinivasamurti (K S) _dಶ್ರೀನಿವಾಸಮೂರ್ತಿ ( ಕೆ ಎಸ್ ) _9164172 |
||
| 906 | _a050758 | ||
| 942 |
_2ddc _cBK |
||
| 999 |
_c99456 _d99456 |
||